نفس ر با / (Record no. 57230)

MARC details
000 -LEADER
fixed length control field 01209nam a22002657a 4500
005 - DATE AND TIME OF LATEST TRANSACTION
control field 20100826122442.0
008 - FIXED-LENGTH DATA ELEMENTS--GENERAL INFORMATION
fixed length control field 090109t xxu||||| |||| 00| 0urd d
010 ## - LCCN (DPL NO)
LC control number UR-7922 ,B-429128
020 ## - INTERNATIONAL STANDARD BOOK NUMBER
Terms of availability 140.00
International Standard Book Number 9788182236912
035 ## - SYSTEM CONTROL NUMBER
System control number U-6477 ,B-429128
037 ## - SOURCE OF ACQUISITION
Source of stock number/acquisition DBAD/PUB
040 ## - CATALOGING SOURCE
Original cataloging agency DPL
Language of cataloging urd
082 ## - DEWEY DECIMAL CLASSIFICATION NUMBER
Classification number 841
100 ## - MAIN ENTRY--PERSONAL NAME
9 (RLIN) 12785
Personal name نثا ر احمد
245 ## - TITLE STATEMENT
Title نفس ر با /
Remainder of title
Statement of responsibility, etc نثا ر احمد , تر تیب و مقد مہ محمد را شد
246 ## - VARYING FORM OF TITLE
Title proper/short title Nafs -E-Ruba
Remainder of title by Nasir Ahmed
260 ## - PUBLICATION, DISTRIBUTION, ETC. (IMPRINT)
Place of publication, distribution, etc دہلی
Date of publication, distribution, etc 2010
Name of publisher, distributor, etc ایجوکیشنل پبلشنگ ہاؤس
270 ## - ADDRESS
Address 3108,Vakil Street, Kucha Pandit,Lal Kuan
City Delhi
Postal code 110006
Electronic mail address www.ephbooks.com
Telephone number 011-23216162
Fax number 0091-11-23211540
300 ## - PHYSICAL DESCRIPTION
Extent 132 ص
Dimensions 22 س م (Hb)
650 ## - SUBJECT ADDED ENTRY--TOPICAL TERM
9 (RLIN) 12786
700 ## - ADDED ENTRY--PERSONAL NAME
9 (RLIN) 34961
Personal name تر تیب و مقد مہ محمد را شد
942 ## - ADDED ENTRY ELEMENTS (KOHA)
Source of classification or shelving scheme Dewey Decimal Classification
Item type Urdu Bks
Classification part 841
Call number suffix ن ث ا
Holdings
Withdrawn status Lost status Source of classification or shelving scheme Damaged status Not for loan Collection code Home library Current library Date acquired Cost, normal purchase price Total Checkouts Full call number Barcode Date last seen Copy number Cost, replacement price Koha item type Source of acquisition
    Dewey Decimal Classification   Ordered Non-fiction Central Library Central Library 09/11/2012 140.00   841 ن ث ا B-429128 09/11/2012 1 140.00 Urdu Bks KKPub./B.No./141,368/DPL/BPPD/EOI/2010-11/7/86/294dt.24.03.11/30.03.11
    Dewey Decimal Classification     Non-fiction D.B.Act.Division D.B.Act.Division 03/10/2011 140.00   841 ن ث ا U-6477 03/10/2011 1 140.00 Urdu Bks  

© Delhi Public Library
Hit Counter
free hit counter